000 00343nam a2200145Ia 4500
008 130318s9999 xx 000 0 und d
020 _a8120304861
082 _a658 MAS/E
100 _aMassie, Joseph L
245 _aEssentials of management
250 _a4
260 _bPHI Learning
_aNew Delhi
_c2002
300 _a301
650 _aMANAGEMENT
999 _c531
_d531